00533nam a2200193Ii 450000100060000000300090000600800410001502000150005604000330007104100080010408200180011210000260013024500490015626400410020530000120024633600260025833700280028433800270031211756CO-ViMGA241108s9999||||xx |||||||||||||| ||und|| a9586821935 aCO-ViMGAbspaerdacCO-ViMGA0 aspa04a320.9861 K14l1 aSalomón Kalmanovitz10aLas Instituciones Colombianas en el siglo XX 1aBogotá, Colombia : Alfaomega, 2001 avolumen atextbtxt2rdacontent aunmediatedbn2rdamedia avolumebnc2rdacarrier